| 000 | 00457nam a22001697a 4500 | ||
|---|---|---|---|
| 003 | BD-ChCU | ||
| 005 | 20260419090231.0 | ||
| 008 | 260419b bg ||||| |||| 00| 0 ben d | ||
| 040 | _cBD-ChCU | ||
| 082 | _a574 THE | ||
| 100 |
_aThurber , Walter A. _921572 |
||
| 245 |
_aExploring life science ./ _cWalton A. Thurber . |
||
| 260 |
_aBoston : _bAllyn & Bacon _cC 1975 |
||
| 300 | _aviii , 438p. | ||
| 650 | 0 |
_aLife Sciences . _921574 |
|
| 942 |
_2ddc _cBK _n0 |
||
| 999 |
_c112249 _d112249 |
||